| 000 | 00000nam 2200000za 4500 |
| 001 | 9.578901 |
| 003 | CaOODSP |
| 005 | 20250319164423 |
| 007 | cr ||||||||||| |
| 008 | 150406|2012||||xxc|||||o f|0| 0 eng d |
| 040 | |aCaOODSP|beng |
| 043 | |an-cn--- |
| 086 | 1 |aSE7-1/2012-3E-PDF |
| 245 | 00|aCanadian seniors |h[electronic resource] : |ba demographic profile / |cprepared by Rohan Kembhavi. |
| 260 | |aOttawa : |bElections Canada, |c2012. |
| 300 | |a5 p. : |bgraph |
| 490 | 1 |aResearch note |
| 500 | |a"November 2012." |
| 590 | |a14-07-Supp|b2014-04-03 |
| 690 | 07|aDemographic data|2gcpds |
| 690 | 07|aSeniors|2gcpds |
| 710 | 2 |aElections Canada. |
| 775 | 08|tDes aînés canadiens |w(CaOODSP)9.606635 |
| 830 | #0|aResearch note.|w(CaOODSP)9.507754 |
| 856 | 40|qPDF|s365 KB|uhttps://publications.gc.ca/collections/collection_2014/elections/SE7-1-2012-3-eng.pdf |